000 00559nam a2200193Ia 4500
005 20250508162725.0
008 008 250505s9999 xx 000 0 eng d
037 _aTextual
040 _aFEDL
_beng
_cFEDL
041 _aeng
_2eng
084 _aB, TAG
_qFEDL
100 _aChaudhuri Bhudeb
245 0 _aRabindranath Tagore and the challenges of today
260 _aShimla, India
_bIndian Institute of Advanced Study
_c1988
300 _aix,340p.
700 _a Subramanyan K G
_9773916
942 _cTEXL
_hB, TAG
999 _c1378311
_d1378311